=LDR 00000nam 2200000 4500 =001 INLIS000000000029639 =005 20130612131845 =008 ***********************************Ind** =035 ##$$0010-061300000029639 =041 ##$$a Ind =082 ##$$a 746.5 =090 ##$$a 746.5, Hid o =100 ##$$a Hidayat, Mei =245 ##$$a Ornamen unik dan menarik dari kain perca, oleh Mei Hidayat, Zainal Abidin =260 ##$$a 2003 $b Jakarta =300 ##$$a vi, 50 hlm, ilus, 22 cm =650 ##$$a Kerajinan Manik =850 ##$$a NBPNMAT